Southville International School and Colleges
Your cart is empty.
  • Cart
  • Lists
    Public lists Eva Luna New books Lux_list list_1
    Your lists Log in to create your own lists
  • Log in to your account
  • Your cookies
  • Search history
Southville International School and Colleges
  • Advanced search
  • Recent comments
  • Most popular
  • Libraries

Log in to your account

Log in with GOOGLE


If you do not have an external account, but do have a local account, you can still log in:

  1. Home
  2. MARC view: Did it take creativity to find relativity, Albert Einstein? /
Normal view MARC view ISBD view

Did it take creativity to find relativity, Albert Einstein? / (Record no. 106006)

[ view plain ]
MARC details
000 -LEADER
fixed length control field 00634nam a2200193 a 4500
005 - DATE AND TIME OF LATEST TRANSACTION
control field 20140412111420.0
008 - FIXED-LENGTH DATA ELEMENTS--GENERAL INFORMATION
fixed length control field 080103s19uu xx 00 eng d
020 ## - INTERNATIONAL STANDARD BOOK NUMBER
International Standard Book Number 0-439-83384-4
050 ## - LIBRARY OF CONGRESS CALL NUMBER
Classification number M 530.092
Item number B45 2007
100 ## - MAIN ENTRY--PERSONAL NAME
Personal name Berger, Melvin
245 ## - TITLE STATEMENT
Title Did it take creativity to find relativity, Albert Einstein? /
Statement of responsibility, etc Melvin Berger, Gilda Berger.
260 ## - PUBLICATION, DISTRIBUTION, ETC. (IMPRINT)
Place of publication, distribution, etc New York :
Name of publisher, distributor, etc Scholastic Inc,
Date of publication, distribution, etc c2007.
300 ## - PHYSICAL DESCRIPTION
Extent 48p.
440 ## - SERIES STATEMENT/ADDED ENTRY--TITLE
Title Science super giants
500 ## - GENERAL NOTE
General note Includes index.
650 ## - SUBJECT ADDED ENTRY--TOPICAL TERM
Topical term or geographic name as entry element Einstein, Albert, 1879-1955
General subdivision Juvenile literature
650 ## - SUBJECT ADDED ENTRY--TOPICAL TERM
Topical term or geographic name as entry element Discoveries in science
General subdivision Juvenile Literature
Holdings
Withdrawn status Lost status Damaged status Use restrictions Home library Current library Shelving location Date acquired Source of acquisition Cost, normal purchase price Total Checkouts Full call number Barcode Date last seen Price effective from Koha item type
        Elizalde Library Elizalde Library Main Section 01/03/2008   135.00   M 530.092 B45 2007 E11104 04/12/2014 04/12/2014 Books

Did it take creativity to find relativity, Albert Einstein? /

APA

Berger M., . (2007). Did it take creativity to find relativity, Albert Einstein?. New York: Scholastic Inc.

Chicago

Berger Melvin, . 2007. Did it take creativity to find relativity, Albert Einstein?. New York: Scholastic Inc.

Harvard

Berger M., . (2007). Did it take creativity to find relativity, Albert Einstein?. New York: Scholastic Inc.

MLA

Berger Melvin, . Did it take creativity to find relativity, Albert Einstein?. New York: Scholastic Inc. 2007.

  • Place hold
  • Print
  • Cite
  • Add to your cart (remove)
  • Save record
    BIBTEX Dublin Core MARCXML MARC (non-Unicode/MARC-8) MARC (Unicode/UTF-8) MARC (Unicode/UTF-8, Standard) MODS (XML) RIS
  • More searches
    Search for this title in:
    Other Libraries (WorldCat) Other Databases (Google Scholar) Online Stores (Bookfinder.com) Open Library (openlibrary.org)

Exporting to Dublin Core...

SOUTHVILLE LIBRARY

Southville International School and Colleges Library

1281 Tropical Ave. Cor. Luxembourg St., BF Homes International, Las Pinas City

Tel. No. 8256374 / 252358 Loc. 117/146

Powered by Koha